| 000 | 00416 a2200157 4500 | ||
|---|---|---|---|
| 999 |
_c9285 _d9285 |
||
| 020 | _a1868723534 | ||
| 050 | _aHD 30.28 MAN 2001 | ||
| 100 |
_aManning, T. _eauthor |
||
| 245 |
_aMaking sense of strategy / _cTony Manning |
||
| 264 |
_aCape Town : _bZebra, _c2001. |
||
| 300 |
_a95p. : _bill. |
||
| 500 | _aIncludes notes. | ||
| 650 | _aStrategic management | ||
| 650 | _aManagement | ||
| 942 |
_2lcc _cBK _h30.28 _iMAN _kHD |
||